NBA Top 20 All-Time Assists Leaders (2024) - Statistics

General Stats
  • This quiz has been taken 86 times
    68 since last reset
  • The average score is 13 of 20
Answer Stats
Team/s NBA Players % Correct
1. Jazz John Stockton
98%
4. Cavaliers, Heat, Lakers LeBron James
97%
5. Suns, Mavericks, Lakers Steve Nash
97%
3. Pelicans, Clippers, Rockets, Thunder, Suns, Warriors Chris Paul
92%
7. Lakers Magic Johnson
92%
2. Mavericks, Suns, Nets, Knicks Jason Kidd
91%
9. Thunder, Rockets, Wizards, Lakers, Clippers Russell Westbrook
88%
10. Pistons Isiah Thomas
83%
8. Royals, Bucks Oscar Robertson
83%
14. Thunder, Rockets, Nets, 76ers, Clippers James Harden
80%
20. Spurs, Hornets Tony Parker
77%
11. SuperSonics, Bucks, Lakers, Celtics, Heat Gary Payton
72%
15. Celtics, Mavericks, Kings, Bulls, Pelicans, Hawks, Clippers, Lakers, Cavaliers Rajon Rondo
48%
12. Cavaliers, Clippers, Nuggets, 76ers, Trail-Blazers, Wizards, Kings, Timberwolves, Spurs Andre Miller
42%
6. Knicks, Clippers, Pacers, Nuggets, Raptors, Jazz, Rockets Mark Jackson
42%
19. Warriors, Heat, Mavericks, Nuggets, Pacers Tim Hardaway
33%
16. 76ers, Spurs, Knicks, Hawks, Nets Maurice Cheeks
20%
13. Knicks, Spurs, Trail-Blazers, Bullets/Wizards, Heat, Timberwolves, Magic, Raptors, Rockets Rod Strickland
20%
17. Hawks, SuperSonics, Cavaliers, Trail-Blazers Lenny Wilkens
17%
18. Trail-Blazers, Timberwolves, Heat, Spurs Terry Porter
13%
No matching quizzes found
Score Distribution
Percent of People with Each Score
Percentile by Number Answered
Your Score History
You have not taken this quiz since the last reset